| 000 | 01986nam0a2200313 4500 | ||
|---|---|---|---|
| 001 | RU\NLR\bibl\1848175 | ||
| 005 | 20260407094344.0 | ||
| 021 |
_aRU _b2011-94556 _96780 |
||
| 035 | _a(NLR Aleph) 001838588 | ||
| 090 |
_a2240413 _c2240413 |
||
| 100 | _a20111215d2011 |||y0rusy50 ca | ||
| 101 | 0 | _arus | |
| 102 | _aRU | ||
| 105 | _aa ||||||||| | ||
| 200 | 1 |
_aМоделирование деталей юбок различных фасонов и покроев _eучебно-методическое пособие _eдля студентов технологического и заочного факультетов специальностей 071501 "Художественное проектирование костюма" и 260902 "Конструирование швейных изделий" _fМ-во образования науки Рос. Федерации, Федер. гос. бюджет. образоват. учреждение высш. проф. образования "Юж.-Рос. гос. ун-т экономики и сервиса" (ФГБОУ ВПО "ЮРГУЭС") _g[сост.: к.т.н., доц. С.В. Костромина] |
|
| 210 |
_aШахты _cФГБОУ ЮРГУЭС _d2011 |
||
| 215 |
_a52 с. _cил. _d21 |
||
| 320 | _aБиблиогр.: с. 40 (7 назв.) | ||
| 606 | 1 |
_aЮбки _jУчебно-методические пособия для высших учебных заведений _xКонструирование _92017362 _3RU\NLR\auth\661213114 |
|
| 686 | _aМ414.2-2я73-1 | ||
| 702 | 1 |
_aКостромина _bС. В. _gСветлана Владимировна _4220 |
|
| 712 | 0 | 2 |
_4570 _aЮжно-Российский государственный университет экономики и сервиса _cШахты _9333515 _3RU\NLR\AUTH\889918691 |
| 801 | 0 |
_aRU _bNLR _c20111215 _gRCR |
|
| 801 | 1 |
_aRU _bNLR _c20111215 |
|
| 830 | _aсост. по кн. | ||
| 942 | _cBOOK | ||
| 980 | _aNB | ||
| 980 | _aNBR | ||